00791nam a2200169 a 450000500170000000800410001705000180005805000170007624500230009326000100011630000230012652003080014965000140045765000210047199900190049295201100051120140412111308.0030414s19uu xx 00 eng d aERbHa11 1999 aEbHa11 1999 aHansel and Gretel. c1999. a1 v. (unp.) ; ill. aHansel and Gretel are lost in the woods, gorwing tired, cold and hungry. All of the sudden, they stumble upon a house made of cookies with chocolate roof! Little do they know that the old woman who lives there is really a wicked witch! How will they escape their terrible fate and find their way home? aFolktales aChildren stories c103809d103809 00104050aELbELcERd2003-04-14eDonationl0oER Ha11 1999pE5922r2014-04-12 00:00:00w2014-04-12yBK